00665nam a2200241 a 4500001001300000003000900013005001700022008004100039020001000080082001700090100001600107245002700123260003200150300000900182500003500191505001400226650002000240700001600260902000800276942000700284952011700291999001500408nice12345678IN_TiNIC20260116011431.0050524s1918 teha grp 000 0 per  ac10000a297.82bRAZ1 aRaza, Mirza aIntabaah Naam-I-Islami aTehranbRoshnai Pressc1918 a223p aincludes index and biblioraphy2 areference aShiah-Doctrines1 aRaza, Mirza bRBA cBK 001040708RareBook->aHMIbHMId2007-06-28g100.00l0o297.82 RAZ1p04838r2007-06-28v100.00w2005-05-24yBK c1499d1499